| 000 | 00785nam a22002177a 4500 | ||
|---|---|---|---|
| 999 |
_c7871 _d7871 |
||
| 003 | OSt | ||
| 005 | 20220406102234.0 | ||
| 008 | 220406b ||||| |||| 00| 0 eng d | ||
| 020 | _a052141475x | ||
| 040 | _cDDC | ||
| 082 | _a523.1 ELE 1992 | ||
| 100 |
_a Professor Bernard E.J. Pagel _916000 |
||
| 245 |
_aElements and the Cosmos : _bProceedings of the 31st Herstmonceux Conference held in Cambridge, England, 16-20 July 1990 |
||
| 260 |
_aNew York: _b Cambridge University Press; _c1992. |
||
| 300 |
_axii, 332 p. : _b ill. ; _c 26 cm. |
||
| 504 | _aIncludes bibliographical references and index. | ||
| 650 |
_aNucleosynthesis -- Congresses. _916001 |
||
| 650 |
_aAstrophysics -- Congresses. _916002 |
||
| 650 |
_aNuclear astrophysics -- Congresses. _916003 |
||
| 942 |
_2ddc _cBOOK |
||